000 00874nam a22002655i 4500
001 22268605
003 OSt
005 20250409111349.0
008 211012s2022 cau 000 0 eng
020 _a9781529722482 (hardcover )
024 _cUSD125.00
040 _aDLC
_beng
_erda
_cDLC
_dNUST
050 _aQH324.2 BOR
100 1 _aBorgatti, Stephen,
_eauthor.
245 1 0 _aAnalyzing social networks using R /
_cStephen Borgatti, Martin Everett, Jeffrey Johnson, Filip Agneessens.
300 _axv,359 pages:
_billustrations;
_c25 cm.
336 _atext
_btxt
_2rdacontent
337 _aunmediated
_bn
_2rdamedia
338 _avolume
_bnc
_2rdacarrier
504 _aIncludes bibliographical references and index.
700 1 _aEverett, Martin,
_eauthor.
700 1 _aJohnson, Jeffrey,
_eauthor.
700 1 _aAgneessens, Filip,
_eauthor.
942 _2lcc
_cBOOKS
_n0
999 _c171538
_d171538